Herrmann Antal két arca a tudományszervező egyetemi tanár és a cigányokkal vándorló etnográfus /
Elmentve itt :
| Szerző: | |
|---|---|
| További közreműködők: | |
| Dokumentumtípus: | Cikk |
| Megjelent: |
2026-04-20
|
| Sorozat: | SZTE Info
|
| Kulcsszavak: | Megemlékezés, Rendezvény - Herrmann Antal Emléknap, Herrmann Antal - néprajzkutató - címzetes nyilvános rendes tanár, Kutatás - cigánykutatás - romanológia, Jubileum - halálának 100., Kiállítás - emlékkiállítás - kamarakiállítás - "Herrmann Antal, a teremtő néprajztudós", SZTE Klebelsberg Könyvtár és Levéltár, Köszöntő - Nagy Gyula - főigazgató, Megnyitó - Mód László - egyetemi adjunktus, Kurátor - Farkas Katalin - könyvtáros, Régi Könyvek Tára és Kézirattár, Herrmann Antal hagyaték, Könyvtári énekkar - mIsidore, Emlékülés, Néprajzi és Kulturális Antropológiai Tanszék, Társadalomtudományi Intézet, Bölcsészet- és Társadalomtudományi Kar - BTK, Előadás - "Az első magyarországi néprajzi folyóirat", Simon András - egyetemi docens, Előadás - "A sitiprinc", Varga András - nyugalmazott főkönyvtáros, Előadás - "A nem létezés méltósága", Kelemen Zoltán - egyetemi docens, Összehasonlító Irodalomtudományi Tanszék, Magyar Nyelvi és Irodalmi Intézet, Előadás - "Herrmann Antal Csongrádon és Szegeden", Mód László - egyetemi adjunktus, Síremlék-koszorúzás, Belvárosi temető - Szeged |
| Online Access: | http://univ.bibl.u-szeged.hu/77277 |
| LEADER | 02132nab a2200193 i 4500 | ||
|---|---|---|---|
| 001 | univ77277 | ||
| 005 | 20260422101822.0 | ||
| 008 | 260422s2026 hu o 000 hun d | ||
| 040 | |a SZTE UnivHistória Repozitórium |b hun | ||
| 041 | |a hun | ||
| 100 | 1 | |a Panek Sándor | |
| 245 | 1 | 0 | |a Herrmann Antal két arca |h [elektronikus dokumentum] : |b a tudományszervező egyetemi tanár és a cigányokkal vándorló etnográfus / |c Panek Sándor |
| 260 | |c 2026-04-20 | ||
| 490 | 0 | |a SZTE Info | |
| 561 | |a Egyetemi hirarchívum | ||
| 695 | |a Megemlékezés, Rendezvény - Herrmann Antal Emléknap, Herrmann Antal - néprajzkutató - címzetes nyilvános rendes tanár, Kutatás - cigánykutatás - romanológia, Jubileum - halálának 100., Kiállítás - emlékkiállítás - kamarakiállítás - "Herrmann Antal, a teremtő néprajztudós", SZTE Klebelsberg Könyvtár és Levéltár, Köszöntő - Nagy Gyula - főigazgató, Megnyitó - Mód László - egyetemi adjunktus, Kurátor - Farkas Katalin - könyvtáros, Régi Könyvek Tára és Kézirattár, Herrmann Antal hagyaték, Könyvtári énekkar - mIsidore, Emlékülés, Néprajzi és Kulturális Antropológiai Tanszék, Társadalomtudományi Intézet, Bölcsészet- és Társadalomtudományi Kar - BTK, Előadás - "Az első magyarországi néprajzi folyóirat", Simon András - egyetemi docens, Előadás - "A sitiprinc", Varga András - nyugalmazott főkönyvtáros, Előadás - "A nem létezés méltósága", Kelemen Zoltán - egyetemi docens, Összehasonlító Irodalomtudományi Tanszék, Magyar Nyelvi és Irodalmi Intézet, Előadás - "Herrmann Antal Csongrádon és Szegeden", Mód László - egyetemi adjunktus, Síremlék-koszorúzás, Belvárosi temető - Szeged | ||
| 700 | 0 | 1 | |a Miskolci Dávid |
| 856 | 4 | 0 | |u http://univ.bibl.u-szeged.hu/77277/1/Szegedi%20Tudom%C3%A1nyegyetem%20_%20Herrmann%20Antal%20k%C3%A9t%20arca%20%E2%80%93%20A%20tudom%C3%A1nyszervez%C5%91%20egyetemi%20tan%C3%A1r%20%C3%A9s%20a%20cig%C3%A1nyokkal%20v%C3%A1ndorl%C3%B3%20etnogr%C3%A1fus.pdf |z Dokumentum-elérés |
| 856 | 4 | 0 | |u http://univ.bibl.u-szeged.hu/77277/2/herrmanna_emleknap_vegl.pdf |z Dokumentum-elérés |